| 000 | 00695nam a2200229Ia 4500 | ||
|---|---|---|---|
| 003 | GCL | ||
| 008 | 140319s9999 xx 000 0 ara d | ||
| 040 |
_aGCL / _cGCL |
||
| 082 | 0 | 4 |
_aق _b962.065 _bب ا |
| 100 | 1 | _aبيليايف، ا | |
| 245 | 1 | 0 |
_aاطلاق الحمامة : 5 يونيو / _cبيليايف، ا |
| 700 | 1 | _aكوليسنيشكو , ت | |
| 700 | 1 | _aبريماكوف، ى | |
| 700 | 1 | _aماهر عسل | |
| 300 | _a207 ص | ||
| 490 | _a | ||
| 650 | 0 | 4 | _aالنزاع العربى الاسرائيلى |
| 650 | 0 | 4 | _aالصور |
| 650 | 0 | 4 | _aحرب يونيو 1967 - مصر |
| 650 | 0 | 4 | _aمصر - تاريخ - العصر الحديث (1805 - 1956 ) |
| 942 |
_2ddc _cBK |
||
| 999 |
_c39981 _d39981 |
||